00880 2200277 4500001002100000005001500021035002500036008004100061020002200102040001700124082001400141084001600155100002200171245014600193260003000339300004300369650003200412700002400444850001200468007000300480090002000483090002200503504003300525999002200558990002200580INLIS00000000001814420200610114037 a0010-031600000000154160307s2015 yoia g ind d a978-979-29-4753-3 aYOPDYOGbind04222a495.6 a495.6 ISA l0 aIsa Wajoedid196600aLancar percakapan bahasa Jepang pariwisata 3 in one :bhotel restoran pemandu wisata /cpenulis, Isa Wahjoedi; penyunting, Th. Arie Prabawati3 aYogyakarta :bAndi,c2015 axii, 257 halaman :bilustrasi ;c21 cm 4aBahasa Jepang--xPercakapan1 aArie Prabawati, Th. aYOPDYOGta aDEP 495.6 ISA l aCB-D.11 2015-1255 aBibliografi: halaman 253-254 aCB-D.11/2015-1255 aCB-D.11/2015-1255